Soils : A new global view (Record no. 41770)

MARC details
000 -LEADER
fixed length control field 00294nam a2200121Ia 4500
082 ## - DEWEY DECIMAL CLASSIFICATION NUMBER
Classification number 631.4
Item number PAT
100 ## - MAIN ENTRY--AUTHOR NAME
Personal name Paton, T R
245 #0 - TITLE STATEMENT
Title Soils : A new global view
260 ## - PUBLICATION, DISTRIBUTION, ETC. (IMPRINT)
Place of publication London
Name of publisher UCL Press
Year of publication 1995
650 ## - SUBJECT ADDED ENTRY--TOPICAL TERM
Topical Term Soil formation
942 ## - ADDED ENTRY ELEMENTS (KOHA)
Koha item type Books
Holdings
Withdrawn status Lost status Damaged status Not for loan Home library Current library Date acquired Cost, normal purchase price Full call number Accession Number Koha item type
        RRII Library RRII Library 16/12/2021 45.00 631.4 PAT 22056 Books